Central Library OPAC University of Rajshahi

Tess of the D'Urbervilles : (Record no. 82702)

MARC details
000 -LEADER
fixed length control field 00633nam a22002174a 4500
001 - CONTROL NUMBER
control field 82702
003 - CONTROL NUMBER IDENTIFIER
rucl marc code BD-RjUL
005 - DATE AND TIME OF LATEST TRANSACTION
control field 20240121124049.0
008 - FIXED-LENGTH DATA ELEMENTS--GENERAL INFORMATION
fixed length control field 240121s19661957enka b 000 1 eng d
035 ## - SYSTEM CONTROL NUMBER
System control number (BD-RjUL)82702
040 ## - CATALOGING SOURCE
Original cataloging agency DLC
Transcribing agency DLC
Modifying agency YDX
-- DLC
-- BD-RjUL
Language of cataloging eng
041 ## - LANGUAGE CODE
Language code of text/sound track or separate title eng
082 00 - DEWEY DECIMAL CLASSIFICATION NUMBER
Edition number 23
Classification number 823.8
Author mark and year HAT 1966
100 1# - MAIN ENTRY--PERSONAL NAME
Personal name Hardy, Thomas
9 (RLIN) 62554
245 00 - TITLE STATEMENT
Title Tess of the D'Urbervilles :
Remainder of title a pure woman /
Statement of responsibility, etc. Thomas Hardy.
260 ## - PUBLICATION, DISTRIBUTION, ETC. (IMPRINT)
Place of publication, distribution, etc. London :
Name of publisher, distributor, etc. Macmillan,
Date of publication, distribution, etc. 1957 [reprinted 1966]
300 ## - PHYSICAL DESCRIPTION
Pagination 446 pages ;
Size 19 cm ;.
650 ## - SUBJECT ADDED ENTRY--TOPICAL TERM
Topical term or geographic name as entry element Man-woman relationships
9 (RLIN) 5240
Topical term or geographic name as entry element Women murderers
9 (RLIN) 10981
942 ## - ADDED ENTRY ELEMENTS (KOHA)
Source of classification or shelving scheme Dewey Decimal Classification
Koha item type Books
Holdings
Lost status Source of classification or shelving scheme Damaged status Not for loan Collection code Permanent Location Current Location Shelving location Date acquired Total Checkouts Full call number Date last seen Copy number Koha item type
  Dewey Decimal Classification   Not For Loan Fiction Central Library, University of Rajshahi Central Library, University of Rajshahi Reading Room 21/01/2024   823.8 HAT 1966 21/01/2024 C-1 Books
  Dewey Decimal Classification     Fiction Central Library, University of Rajshahi Central Library, University of Rajshahi General Stacks 21/01/2024   823.8 HAT 1966 21/01/2024 C-2 Books
  Dewey Decimal Classification     Fiction Central Library, University of Rajshahi Central Library, University of Rajshahi General Stacks 21/01/2024   823.8 HAT 1966 21/01/2024 C-3 Books
  Dewey Decimal Classification     Fiction Central Library, University of Rajshahi Central Library, University of Rajshahi General Stacks 21/01/2024   823.8 HAT 1966 21/01/2024 C-4 Books